Chirurgia 1

Bibliographic Details
Main Authors: Vojtíšek, Vladimír, 1916-1988 (Author), Počta, Jaroslav, 1923-2006 (Author), Strnad, Jiří, 1935- (Author)
Other Authors: Stančevová, Alžbeta (Translator), Vrabec, Ján, 1959- (Illustrator)
Format: Book
Language:Slovak
Czech
PhysicalDescription:239 s. Fot. Sch. 21 cm
Published: Martin Osveta 1991
ISBN:8021703156
Edition:2. vyd.
Series:Učebnice pre stredné zdravotnícke školy
Subjects:

MARC

LEADER 00000nam a2200000 a 4500
001 vtls001065504
003 SK-MaSNL
005 20260302063738.0
008 250414s1991 xo 000 0 slo
015 |a SNBA1991/09 
020 |a 8021703156  |q (1. zv.) 
035 |a 24F655B4-025D-4F1C-9C9F-1E13F18FD9DE 
035 |a SNK000008334 
035 |a urn:nbn:sk:snk-am005bnn 
035 |a urn:nbn:sk:snk-amjts0 
040 |a SNK  |b slo  |c SNK  |e AACR2 
041 1 |a slo  |a cze 
044 |a xo  |c SK 
080 |a 617-089(075.3)  |2 1981 
100 1 |a Vojtíšek, Vladimír,  |d 1916-1988  |4 aut  |9 165979 
245 1 0 |a Chirurgia 1  |c Vladimír Vojtíšek, Jaroslav Počta, Jiří Strnad ; [prel. Alžbeta Stančevová ; obálku navrhol Ján Vrabec] 
250 |a 2. vyd. 
260 |a Martin  |b Osveta  |c 1991 
300 |a 239 s.  |b Fot. Sch.  |c 21 cm 
490 1 |a Učebnice pre stredné zdravotnícke školy 
500 |a ISBN 80-217-0314-8 (súbor). Schválilo MZ SR a MZ ČR ako učeb. pre SZŠ, odbor zdr 
650 0 7 |a chirurgia  |2 SNKPH  |9 2178 
655 7 |a učebnice stredných škôl  |2 SNKPH  |9 69323 
700 1 |a Počta, Jaroslav,  |d 1923-2006  |4 aut  |9 42473 
700 1 |a Stančevová, Alžbeta  |4 trl  |9 46943 
700 1 |a Strnad, Jiří,  |d 1935-  |4 aut  |9 42472 
700 1 |a Vrabec, Ján,  |d 1959-  |4 ill  |9 158326 
830 0 |a Učebnice pre stredné zdravotnícke školy  |9 277008 
852 |a Slovenská národná knižnica 
919 |a 80-217-0315-6 (1. zv.) 
958 |a CZ 
958 |a OP 
958 |a TL 
958 |a UC 
999 |c 1133821  |d 1135751 
952 |t P60, <04>, [BOOK], {604}  |a SNK  |b SNK  |y VYP  |7 0  |p 17A0030344  |o snkSC 80121/1 D1  |0 0  |1 0  |4 0  |d 1997-01-07  |f 1  |l 0  |r 2004-12-31 00:00:00  |w 2026-02-24 
952 |a SNK  |b SNK  |y PREZ  |7 0  |p 17A0945275  |o snkSC 80121/1  |0 0  |1 0  |4 0  |d 2012-08-13  |l 0  |r 2025-08-11 00:00:00  |w 2026-02-24